Normal view
MARC view
- Sexo
Entry Materia
001 - NÚMERO DE CONTROL DEL REGISTRO
- campo de control: 48237
003 - IDENTIFICADOR DE NUMERO DE CONTROL
- campo de control: MX-MxUPN
005 - FECHA Y HORA DE LA ÚLTIMA TRANSACCIÓN
- campo de control: 20240422163654.0
008 - DATOS DE LONGITUD FIJA
- campo de control de longitud fija: 230310nn fnnnnbabn | a|a d
040 ## - FUENTE DE LA CATALOGACIÓN
- Centro catalogador de origen: MX-MxUPN
- Lengua de catalogación: spa
046 ## - FECHAS CON CODIFICACIÓN ESPECIAL
- Fecha final para contenidos agregados: 2023
150 ## - ENCABEZAMIENTO - TEMÁTICO
- Término de materia o nombre geográfico como elemento inicial: Sexo
- Subdivisión de materia general: Aspectos sociológicos
670 ## - FUENTE EN LA QUE SE LOCALIZARON DATOS
- Cita de la fuente: Autoridades BGTQ, 10 marzo 2023:
- Información localizada: (Sexo)
670 ## - FUENTE EN LA QUE SE LOCALIZARON DATOS
- Cita de la fuente: Autoridades BGTQ, 10 marzo 2023:
- Información localizada: (Subdivisión: Aspectos sociológicos)
902 ## - CATALOGADOR
- Catalogador: VíctorGodínez/100323
